000 00302nam a22001337a 4500
008 170529b xxu||||| |||| 00| 0 eng d
020 _a9780135631560
041 _aeng
080 _a62
100 _a27
101 _aIM
245 _aMATHEMATICS FOR SCIENTISTS&ENGINEERS
_cCOHEN, H
942 _2udc
_cBK
999 _c14750
_d14750